| 000 | 00693nam a2200217 4500 | ||
|---|---|---|---|
| 003 | OSt | ||
| 005 | 20260601193844.0 | ||
| 008 | 260505b1972 enka|||| |||| 00| 0 eng d | ||
| 040 |
_aICI _bspa _cICI |
||
| 041 | _aeng | ||
| 050 | _aNK1520 .P36 1972 | ||
| 100 | 1 |
_aPapanek, Víctor, _eautor _931182 |
|
| 245 | 1 |
_aDesign for the Real World : _bMaking to Measure / _cVíctor Papanek ; introducción R. Buckminster Fuller |
|
| 264 |
_aLondon : _bThames and Hudson _c1972 |
||
| 300 |
_a339 páginas _bilustraciones |
||
| 336 |
_atexto _2rdacontent |
||
| 337 |
_asin medio _2rdamedia |
||
| 338 |
_avolumen _2rdacarrier |
||
| 700 |
_aFuller, R. Buckminster _eintroducción _931183 |
||
| 942 |
_2lcc _cB _n1 |
||
| 999 |
_c21568 _d21568 |
||